[Event "HUN-chT 0405"]
[Site "Hungary"]
[Date "2005.02.06"]
[Round "7"]
[White "Kovacs, Gabor2"]
[Black "Jakobetz, Laszlo"]
[Result "0-1"]
[WhiteElo "2192"]
[BlackElo "2317"]
[PlyCount "66"]
[EventDate "2004.09.26"]
[EventType "team-tourn"]
[EventRounds "11"]
[EventCountry "HUN"]
[SourceTitle "EXT 2011"]
[Source "ChessBase"]
[SourceDate "2010.11.26"]
[SourceVersion "1"]
[SourceVersionDate "2010.11.26"]
[SourceQuality "1"]
[WhiteTeam "Vasas"]
[BlackTeam "BEAC Rufusz"]
[WhiteTeamCountry "HUN"]
[BlackTeamCountry "HUN"]

1. e4 d5 2. exd5 Qxd5 3. Nc3 Qa5 4. d4 Nf6 5. Nf3 Bg4 6. h3 Bh5 7. Bd2 e6 8. Bc4 c6 9. Qe2 Bb4 10. g4 Bg6 11. 0-0-0 Nbd7 12. d5 cxd5 13. Nxd5 Nxd5 14. Bxd5 Rc8 15. Bxb4 Qxb4 16. Rd4 Qb6 17. Bc4 Nb8 18. h4 h5 19. g5 0-0 20. Bd3 Nc6 21. Rc4 Bxd3 22. Qxd3 Rfd8 23. Qe3 Qa6 24. Rc3 Nb4 25. Rxc8 Rxc8 26. c3 Qxa2 27. Qe4 Qa1+ 28. Qb1 Rxc3+ 29. bxc3 Qxc3+ 30. Kd1 Qxf3+ 31. Kd2 Qxf2+ 32. Kc3 Nd5+ 33. Kc4 Qf4+ 0-1

[Event "HUN-chT2 Erkel 0203"]
[Site "Hungary"]
[Date "2003.02.16"]
[Round "7"]
[White "Jakobetz, Laszlo"]
[Black "Hevesi, Zoltan"]
[Result "1-0"]
[WhiteElo "2304"]
[BlackElo "2163"]
[PlyCount "47"]
[EventDate "2002.09.22"]
[EventType "team-tourn"]
[EventRounds "11"]
[EventCountry "HUN"]
[SourceTitle "EXT 2009"]
[Source "ChessBase"]
[SourceDate "2008.11.26"]
[SourceVersion "1"]
[SourceVersionDate "2008.11.26"]
[SourceQuality "1"]

1. d4 Nf6 2. Nf3 g6 3. c4 Bg7 4. Nc3 d5 5. cxd5 Nxd5 6. e4 Nxc3 7. bxc3 0-0 8. Rb1 c5 9. Be2 Nc6 10. d5 Ne5 11. Nxe5 Bxe5 12. Qd2 Qa5 13. Rb3 f5 14. f4 Bg7 15. e5 Bd7 16. Rxb7 Rfd8 17. c4 Qa4 18. Rb3 Qa6 19. 0-0 Rab8 20. Qb2 Rxb3 21. Qxb3 e6 22. Qa3 Qb6 23. Be3 exd5 24. cxd5 1-0

[Event "HUN-chT2 Erkel 0203"]
[Site "Hungary"]
[Date "2002.11.24"]
[Round "3"]
[White "Jakobetz, Laszlo"]
[Black "Vass, Viktor"]
[Result "1-0"]
[WhiteElo "2304"]
[BlackElo "2213"]
[PlyCount "69"]
[EventDate "2002.09.22"]
[EventType "team-tourn"]
[EventRounds "11"]
[EventCountry "HUN"]
[SourceTitle "EXT 2009"]
[Source "ChessBase"]
[SourceDate "2008.11.26"]
[SourceVersion "1"]
[SourceVersionDate "2008.11.26"]
[SourceQuality "1"]

1. d4 d5 2. c4 e6 3. Nc3 Nf6 4. cxd5 exd5 5. Bg5 Nbd7 6. e3 Be7 7. Qc2 c6 8. Bd3 0-0 9. Nf3 Re8 10. 0-0 Nf8 11. Rab1 Ne4 12. Bxe7 Qxe7 13. Bxe4 dxe4 14. Nd2 Bf5 15. Ne2 Rad8 16. b4 Ne6 17. Rfc1 Bg6 18. Nf1 f5 19. b5 f4 20. bxc6 f3 21. Neg3 b6 22. Nd2 Kh8 23. Rb5 Nxd4 24. exd4 e3 25. Nde4 exf2+ 26. Qxf2 fxg2 27. Re5 Qa3 28. Rxe8+ Rxe8 29. Re1 Rf8 30. Qe2 Qa4 31. c7 Qxd4+ 32. Qe3 Qc4 33. Rc1 Qe6 34. Qd4 Kg8 35. Qd6 1-0

[Event "HUN-chT 9697"]
[Site "Hungary"]
[Date "1996.??.??"]
[Round "6"]
[White "Jakobetz, Laszlo"]
[Black "Horvath, Adam"]
[Result "1-0"]
[WhiteElo "2325"]
[BlackElo "2245"]
[PlyCount "78"]
[EventDate "1996.??.??"]
[EventType "team-tourn"]
[EventRounds "12"]
[EventCountry "HUN"]
[SourceTitle "EXT 2006"]
[Source "ChessBase"]
[SourceDate "2005.11.24"]
[SourceVersion "1"]
[SourceVersionDate "2005.11.24"]
[SourceQuality "1"]
[WhiteTeam "Miskolc"]
[BlackTeam "Csuti"]
[WhiteTeamCountry "HUN"]
[BlackTeamCountry "HUN"]

1. d4 Nf6 2. Nf3 g6 3. c4 Bg7 4. Nc3 d6 5. e4 0-0 6. Be2 e5 7. Bg5 Nbd7 8. Qd2 Re8 9. 0-0 exd4 10. Nxd4 Nc5 11. f3 a5 12. Ndb5 Ne6 13. Be3 Bd7 14. Rad1 Bc6 15. Rfe1 Nd7 16. Qc2 g5 17. Nd5 Be5 18. Nd4 Kh8 19. Nf5 b6 20. b3 Ng7 21. Nh6 Rf8 22. Ng4 f5 23. Nxe5 Nxe5 24. exf5 Nxf5 25. Bc1 Kg8 26. Bf1 Be8 27. Ba3 Bg6 28. Qc3 c5 29. Bb2 Nd4 30. Qc1 Ndc6 31. f4 gxf4 32. Nxf4 Qf6 33. g3 Nf3+ 34. Kh1 Nce5 35. Re3 Rae8 36. Rxf3 Be4 37. Bg2 Bxf3 38. Bxf3 Qg5 39. Bd5+ Kg7 1-0

[Event "Budapest-ch rap"]
[Site "Budapest"]
[Date "1996.??.??"]
[Round "?"]
[White "Jakobetz, Laszlo"]
[Black "Jaroka, Sandor"]
[Result "0-1"]
[WhiteElo "2010"]
[BlackElo "2365"]
[PlyCount "68"]
[EventDate "1996.??.??"]
[EventType "swiss"]
[EventRounds "7"]
[EventCountry "HUN"]
[SourceTitle "EXT 2006"]
[Source "ChessBase"]
[SourceDate "2005.11.24"]
[SourceVersion "1"]
[SourceVersionDate "2005.11.24"]
[SourceQuality "1"]

1. d4 d5 2. c4 dxc4 3. Nf3 c5 4. d5 Nf6 5. Nc3 e6 6. e4 exd5 7. exd5 Bd6 8. Bxc4 a6 9. a4 0-0 10. 0-0 h6 11. a5 Bg4 12. h3 Bh5 13. g4 Bg6 14. Qb3 Qc7 15. Qb6 Qxb6 16. axb6 Nbd7 17. Na4 Be4 18. Nh4 Ne5 19. f3 Nxc4 20. fxe4 Nxe4 21. Bf4 Rfe8 22. Bxd6 Ncxd6 23. Nf3 Rad8 24. Rac1 Ng3 25. Rfe1 Ne2+ 26. Rxe2 Rxe2 27. Rxc5 Ne4 28. b4 Ra2 29. Ra5 Nd6 30. Nc5 Rxa5 31. bxa5 Rc8 32. Nb3 Rc3 33. Nfd4 Rxh3 34. Kg2 Re3 0-1

[Event "HUN-chT"]
[Site "Hungary"]
[Date "1993.??.??"]
[Round "?"]
[White "Mate, Laszlo"]
[Black "Jakobetz, Laszlo"]
[Result "1-0"]
[WhiteElo "2285"]
[BlackElo "2350"]
[PlyCount "63"]
[EventDate "1993.??.??"]
[EventType "team-tourn"]
[EventRounds "13"]
[EventCountry "HUN"]
[SourceTitle "TD"]
[Source "ChessBase"]
[SourceDate "1994.03.01"]
[SourceVersion "1"]
[SourceVersionDate "1994.03.01"]
[SourceQuality "1"]

1. c4 e6 2. d4 d5 3. Nf3 c5 4. g3 Nc6 5. Bg2 dxc4 6. Qa4 cxd4 7. Nxd4 Qxd4 8. Bxc6+ Bd7 9. Be3 Bxc6 10. Qxc6+ Qd7 11. Qxc4 Rc8 12. Qb3 Bc5 13. 0-0 Bxe3 14. Qxe3 b6 15. Qg5 f6 16. Qh5+ g6 17. Qh4 Kf7 18. Nc3 f5 19. e4 Nf6 20. Rad1 Qc6 21. Rfe1 h5 22. e5 Nh7 23. Rd6 Qb7 24. Red1 Rc7 25. Nb5 Re7 26. Rd8 Rxd8 27. Rxd8 Rd7 28. Nd6+ Rxd6 29. Rxd6 Qc7 30. Qd8 Qc1+ 31. Rd1 Qg5 32. Rd7+ 1-0